| 000 | 00675na a2200241 4500 | ||
|---|---|---|---|
| 001 | 18709 | ||
| 003 | MIRAKIL | ||
| 005 | 20181213155042.0 | ||
| 008 | 161124b tu 000 0 | ||
| 020 | _a9786055599041 | ||
| 040 |
_aMilas _btur _cTR-AnCHP |
||
| 041 | _atur | ||
| 082 |
_a926.1 Aziz,B. _bS29k 2011 |
||
| 090 | _a926.1 Aziz,B. S29k 2011 | ||
| 100 | _aSaygılı, Sefa | ||
| 245 |
_aKızılay kurucularından Kırımlı Dr. Aziz Bey _cSefa Saygılı |
||
| 260 |
_aAnkara _bRıhtım Ajans & Yayınevi _c2011 |
||
| 300 |
_a68 s. _bres. ; _c23 sm. |
||
| 490 | _aTürk Kızılayı Tarih Dizisi | ||
| 600 | _aAziz Bey | ||
| 650 | _aBiyografi | ||
| 942 |
_2ddc _cBKS |
||
| 999 |
_c5634 _d5634 |
||